000 00648nam a2200181Ia 4500
001 20152
005 20260306172745.0
008 260306t2006||||xx |||||||||||||| ||spa||
041 _aESP
082 _a342.8
_bB69
100 _aBoggiano, Antonio
_eAUT
245 0 _aDerecho internacional privado:
_bderecho penal internacional, derecho fiscal internacional, derecho administrativo internacional, derecho de la integración, derecho interreligioso, derecho transitorio-epílogo: hacia una teoría general del derecho
260 _c2006
300 _a601 páginas : T. 3
_c23 cm.
650 _aGEN
654 _aCDE
942 _cLIB
_dJUS
_fJUS
_2ddc
_n
999 _c20152
_d20152